000 00597nab a2200205 a 4500
005 20210219161056.0
008 991125s1985 mx 000 0 spa u
035 _aUPN01000178274
100 1 _aRojas García, Edgar
222 _aEDUCACION 2001
245 _aHacia una comunidad profesional de aprendizaje : en los directivos de escuelas secundarias
260 _aMéxico
300 _a39-44
362 0 _a2010 No. 183, ago.
653 0 _aCALIDAD EDUCATIVA
653 0 _aCOMUNIDAD DE APRENDIZAJE
653 0 _aPRACTICA DOCENTE
653 0 _aACTUALIZACION DOCENTE
905 _aArticulo
999 _c150377
_d150377